A China antiga e moderna (Record no. 45506)

MARC details
000 -Etiqueta do registo
Valores 00576cam a2200193 4500
100 ## - Dados gerais de processamento
Dados gerais 19990108d1941 m y0pory50030103ba
101 0# - Língua de publicação
Língua por
102 ## - País de publicação
País PT
200 1# - Titulo e menção de responsabilidade
Título próprio A China antiga e moderna
Primeira menção de responsabilidade José de Freitas
210 #9 - Publicação
Local de publicação Lisboa
Nome do editor Edições Cosmos,
Data de publicação 1941
215 ## - Descrição física 
Paginação / Volumes 113, [15] p.
Outras indicações físicas il.
Dimensões 19 cm
225 2# - Colecção 
Título próprio da colecção Biblioteca Cosmos
Indicação de volume 5.
Número de parte ou secção 4.ª seccão.
Nome de parte ou secção Povos e civilizacões. As principais potências do século Xx
Indicação de volume 1
317 ## - Nota de proveniência
Texto da nota Biblioteca Jorge de Sena
675 ## - CDU
Notação 94(510)
700 #1 - Autor principal
Apelido Freitas,
Nome José de
801 #0 - Fonte de origem
País PT
Agência BN
Regras de catalogação RPC
990 ## - Elementos KOHA
Tipo de documento Livro
Holdings
Aquisição Empréstimo Código de barras Cota Permissão de empréstimo Tipo de documento
Biblioteca Municipal de Redondo Biblioteca Municipal de Redondo 056212 94(510) FRE Consulta presencial Livro

Powered by Koha